000 00364 a2200169 4500
001 50560
020 _a8528103919
040 _cAnchieta - Bela Vista
100 _aMachado, Ana Maria
240 1 0 _aManos malucos 2
_lpor
245 1 0 _aManos malucos 2
300 _a24
362 0 _a2000
440 1 _aSalamandra
650 4 _aLiteratura infantil
942 _cBK
999 _c50560
_d50560